| 000 | 00621nam a22001937a 4500 | ||
|---|---|---|---|
| 003 | BD-DhUL | ||
| 005 | 20181206102107.0 | ||
| 008 | 181206s2000 bg ||||| |||| 00| 0 eng d | ||
| 040 |
_aBD-DhUL _cBD-DhUL |
||
| 082 |
_a891.441 _bISA |
||
| 100 | 0 | _aইসলাম, শফিকুল | |
| 245 | 1 |
_aএই ঘর এই লোকালয় / _cশফিকুল ইসলাম |
|
| 260 |
_aঢাকা : _bপ্রবর্তন , _c2000. |
||
| 300 |
_a৬৩ পৃ. ; _c২২ সেমি |
||
| 365 |
_aBDT _b40.00 |
||
| 650 | 0 | _aবাংলা কবিতা | |
| 650 | 0 | _aBangali poetry | |
| 942 |
_2ddc _cBK |
||
| 999 |
_c245092 _d245092 |
||